[Event "BCF-chT1d 1516 (4NCL) Demotion pool"]
[Site "England"]
[Date "2016.05.01"]
[Round "10.163"]
[White "Cooper, John Grantley"]
[Black "Martins, David Pires Tavares"]
[Result "0-1"]
[WhiteElo "2272"]
[BlackElo "2365"]
[PlyCount "94"]
[EventDate "2015.11.14"]
[EventType "team-tourn"]
[EventRounds "4"]
[EventCountry "ENG"]
[SourceTitle "EXT 2017"]
[Source "ChessBase"]
[SourceDate "2016.10.25"]
[SourceVersion "1"]
[SourceVersionDate "2016.10.25"]
[SourceQuality "1"]
[WhiteTeam "South Wales Dragons"]
[BlackTeam "Oxford"]
[WhiteTeamCountry "ENG"]
[BlackTeamCountry "ENG"]

1. c4 f5 2. g3 Nf6 3. Bg2 g6 4. d4 Bg7 5. Nf3 0-0 6. b3 c5 7. 0-0 Nc6 8. Bb2 Ne4 9. e3 e6 10. Nc3 d5 11. Rc1 cxd4 12. Nxd4 Nxd4 13. exd4 b6 14. Re1 Bb7 15. Ne2 Bh6 16. Rc2 Qd7 17. Bc1 Bg7 18. Bf4 dxc4 19. bxc4 Rfd8 20. f3 Nd6 21. Be5 Nxc4 22. Rxc4 Bxe5 23. Qc1 b5 24. Rc2 Bxd4+ 25. Nxd4 Qxd4+ 26. Kh1 Rac8 27. Rxc8 Rxc8 28. Qb1 Qc4 29. f4 Bxg2+ 30. Kxg2 Qd5+ 31. Kh3 a6 32. Rd1 Qf3 33. Rd2 Kg7 34. Qb2+ Qc3 35. Rd7+ Kh6 36. Qe2 Rc6 37. Qf2 Rc7 38. Rd6 a5 39. Rxe6 Qc4 40. Re5 a4 41. a3 b4 42. axb4 Qxb4 43. Re8 Qb1 44. Re1 Qb4 45. Re8 a3 46. Qe3 Qb2 47. Re7 Rc2 0-1

[Event "BCF-chT1b 1516 (4NCL)"]
[Site "England"]
[Date "2016.03.19"]
[Round "7.153"]
[White "Edouard, Romain"]
[Black "Cooper, John Grantley"]
[Result "1-0"]
[WhiteElo "2632"]
[BlackElo "1955"]
[PlyCount "81"]
[EventDate "2015.11.14"]
[EventType "team-swiss"]
[EventRounds "11"]
[EventCountry "ENG"]
[SourceTitle "CBM 171 Extra"]
[Source "ChessBase"]
[SourceDate "2016.04.26"]
[SourceVersion "1"]
[SourceVersionDate "2016.04.26"]
[SourceQuality "1"]
[WhiteTeam "Guildford"]
[BlackTeam "South Wales Dragons"]
[WhiteTeamCountry "ENG"]
[BlackTeamCountry "ENG"]

1. Nf3 Nf6 2. c4 b6 3. g3 Bb7 4. Bg2 e6 5. 0-0 Be7 6. d4 0-0 7. Nc3 Na6 8. Re1 Ne4 9. Bd2 d5 10. cxd5 exd5 11. Ne5 c5 12. Be3 Qe8 13. Qb1 Nf6 14. Qf5 Rd8 15. Rad1 Nc7 16. dxc5 bxc5 17. Bg5 g6 18. Qc2 Ne6 19. Bxf6 Bxf6 20. Ng4 Bg7 21. Nxd5 Bxd5 22. Rxd5 Qb5 23. Red1 Rxd5 24. Bxd5 Nd4 25. Qc4 Nxe2+ 26. Kg2 Qxc4 27. Bxc4 Nd4 28. Re1 Nf5 29. b3 Bd4 30. Ne5 Kg7 31. Nc6 Bf6 32. a4 a5 33. Rc1 Bb2 34. Rd1 Nd4 35. Nxa5 Rb8 36. Rd3 Ba3 37. Bd5 Kf6 38. Nc6 Nxc6 39. Bxc6 c4 40. bxc4 Rb2 41. Rxa3 1-0

[Event "BCF-chT1b 1516 (4NCL)"]
[Site "England"]
[Date "2016.02.14"]
[Round "6.173"]
[White "Cooper, John Grantley"]
[Black "Ansell, Simon"]
[Result "1-0"]
[WhiteElo "2276"]
[BlackElo "2358"]
[PlyCount "95"]
[EventDate "2015.11.14"]
[EventType "team-swiss"]
[EventRounds "11"]
[EventCountry "ENG"]
[SourceTitle "CBM 170 Extra"]
[Source "ChessBase"]
[SourceDate "2016.02.25"]
[SourceVersion "1"]
[SourceVersionDate "2016.02.25"]
[SourceQuality "1"]
[WhiteTeam "South Wales Dragons"]
[BlackTeam "Blackthorne Russia"]
[WhiteTeamCountry "ENG"]
[BlackTeamCountry "ENG"]

1. c4 e5 2. g3 Nc6 3. Bg2 g6 4. Nc3 Bg7 5. e4 d6 6. Nge2 Be6 7. d3 f5 8. Nd5 Nf6 9. 0-0 0-0 10. Bg5 Qd7 11. Qd2 Rae8 12. Rac1 Kh8 13. b4 Nd8 14. Nxf6 Bxf6 15. Bxf6+ Rxf6 16. d4 Qg7 17. exf5 Bxf5 18. c5 e4 19. d5 Re5 20. f4 exf3 21. Rxf3 Rf8 22. cxd6 cxd6 23. Rfc3 Rfe8 24. Nd4 Be4 25. Rc7 Qg8 26. Bxe4 Rxe4 27. Nf3 R4e7 28. Rxe7 Rxe7 29. Rc8 Re8 30. Rc7 Qf8 31. Qd4+ Kg8 32. Qh4 Nf7 33. Nd4 Qg7 34. Qf4 g5 35. Qf2 Qg6 36. Nf5 Kh8 37. Rxb7 g4 38. h4 Qf6 39. Ne3 Qxf2+ 40. Kxf2 Ne5 41. b5 Nd3+ 42. Ke2 Nc5 43. Rxa7 Re4 44. Kd2 Rb4 45. Nf5 h5 46. Nxd6 Rd4+ 47. Kc3 Rxd5 48. Kc4 1-0

[Event "BCF-chT1d 1415 (4NCL) Demotion pool"]
[Site "England"]
[Date "2015.05.03"]
[Round "10.161"]
[White "Wallace, John Paul"]
[Black "Cooper, John Grantley"]
[Result "1/2-1/2"]
[WhiteElo "2388"]
[BlackElo "2326"]
[PlyCount "106"]
[EventDate "2014.11.15"]
[EventType "team-tourn"]
[EventRounds "4"]
[EventCountry "ENG"]
[SourceTitle "EXT 2023"]
[Source "ChessBase"]
[SourceDate "2022.10.05"]
[SourceVersion "1"]
[SourceVersionDate "2022.10.05"]
[SourceQuality "1"]
[WhiteTeam "Cambridge"]
[BlackTeam "South Wales Dragons"]
[WhiteTeamCountry "ENG"]
[BlackTeamCountry "ENG"]

1. e4 e6 2. d3 c5 3. g3 d5 4. Nd2 Nc6 5. Bg2 g6 6. Ne2 Bg7 7. 0-0 Nge7 8. Rb1 0-0 9. a3 a5 10. a4 b6 11. f4 Ra7 12. e5 f6 13. exf6 Bxf6 14. Nf3 Bg7 15. Kh1 Nf5 16. Bd2 Re7 17. Neg1 Qc7 18. Ng5 h6 19. N5h3 Ref7 20. c3 Nfe7 21. Qe2 e5 22. Rbe1 Ba6 23. fxe5 Rxf1 24. Rxf1 Qxe5 25. Rxf8+ Kxf8 26. Qf3+ Kg8 27. Nf4 d4 28. Nxg6 Nxg6 29. Qxc6 Bxd3 30. Qxb6 Be4 31. Qb5 Bxg2+ 32. Kxg2 Qe4+ 33. Kf2 Ne5 34. Qe2 Nd3+ 35. Kf1 Qxe2+ 36. Nxe2 Nxb2 37. cxd4 cxd4 38. Bxa5 Nxa4 39. Nf4 Nc5 40. Ke2 Kf7 41. Bb6 Nd7 42. Ba7 Be5 43. Nd3 Ke6 44. Nxe5 Kxe5 45. Kd3 Kf5 46. Bxd4 h5 47. h3 Nf8 48. Ke2 Ne6 49. Be3 Nf8 50. Kf3 Ne6 51. g4+ hxg4+ 52. hxg4+ Kg6 53. Ke4 Ng5+ 1/2-1/2

[Event "BCF-chT1a 1415 (4NCL)"]
[Site "England"]
[Date "2015.03.28"]
[Round "7.112"]
[White "Speelman, Jonathan S"]
[Black "Cooper, John Grantley"]
[Result "1-0"]
[WhiteElo "2501"]
[BlackElo "2339"]
[PlyCount "59"]
[EventDate "2014.11.15"]
[EventType "team-swiss"]
[EventRounds "11"]
[EventCountry "ENG"]
[SourceTitle "EXT 2016"]
[Source "ChessBase"]
[SourceDate "2015.10.08"]
[SourceVersion "1"]
[SourceVersionDate "2015.10.08"]
[SourceQuality "1"]
[WhiteTeam "Wood Green"]
[BlackTeam "South Wales Dragons"]
[WhiteTeamCountry "ENG"]
[BlackTeamCountry "ENG"]

1. c4 e6 2. Nf3 d5 3. d4 c5 4. cxd5 exd5 5. Bg5 Be7 6. Bxe7 Nxe7 7. dxc5 0-0 8. Nc3 Na6 9. e3 Nxc5 10. Rc1 Be6 11. Nd4 Qb6 12. Rc2 Ne4 13. Bd3 Nxc3 14. bxc3 Bd7 15. Qd2 Rac8 16. 0-0 Rc7 17. c4 Rfc8 18. Rb2 Qf6 19. c5 Bf5 20. g3 Be4 21. Rfb1 Nf5 22. Rxb7 Nxd4 23. Bxe4 Rxb7 24. Rxb7 Nf3+ 25. Bxf3 Qxf3 26. Rd7 Rb8 27. Qb4 Rc8 28. c6 d4 29. Qb7 Rf8 30. Rxd4 1-0

[Event "BCF-chT1a 1415 (4NCL)"]
[Site "England"]
[Date "2015.02.15"]
[Round "6.142"]
[White "Thomas, Nicholas"]
[Black "Cooper, John Grantley"]
[Result "1/2-1/2"]
[WhiteElo "2268"]
[BlackElo "2339"]
[PlyCount "66"]
[EventDate "2014.11.15"]
[EventType "team-swiss"]
[EventRounds "11"]
[EventCountry "ENG"]
[SourceTitle "EXT 2016"]
[Source "ChessBase"]
[SourceDate "2015.10.08"]
[SourceVersion "1"]
[SourceVersionDate "2015.10.08"]
[SourceQuality "1"]
[WhiteTeam "Warwicks Select"]
[BlackTeam "South Wales Dragons"]
[WhiteTeamCountry "ENG"]
[BlackTeamCountry "ENG"]

1. e4 c5 2. Nc3 e6 3. g3 d5 4. exd5 exd5 5. Bg2 Nf6 6. Nge2 d4 7. Ne4 Nxe4 8. Bxe4 Nd7 9. 0-0 Nf6 10. Bg2 Bd6 11. c3 d3 12. Nf4 0-0 13. Nxd3 Bxg3 14. fxg3 Qxd3 15. Qf3 Qxf3 16. Rxf3 Be6 17. d3 Nd5 18. Rf2 Rad8 19. Bg5 Rd7 20. Rd1 h6 21. Bc1 Rfd8 22. h3 Ne7 23. b3 Rxd3 24. Rfd2 Rxd2 25. Rxd2 Rxd2 26. Bxd2 Bd5 27. Bf1 f5 28. Bf4 Kf7 29. Bb8 Nc6 30. Bd6 b6 31. Bb5 Ke6 32. Bf8 Kf7 33. Bd6 Ke6 1/2-1/2